| 000 | 01159 a2200229 4500 | ||
|---|---|---|---|
| 001 | 41177 | ||
| 005 | 20260407155705.0 | ||
| 008 | 260407a2006 arg spa d | ||
| 003 | AR-UNSa-BCEJYS | ||
| 040 |
_aAR-UNSa-BCEJYS _bspa _cAR-UNSa-BCEJYS |
||
| 080 |
_a347.736 _xQuiebra. Insolvencia. Suspensión de pagos. Bancarrota, procedimientos. Derecho Concursal |
||
| 245 | 1 | 0 |
_aLey 26.086. Concursos y quiebras. Modificación de la Ley 24.522 _papéndice legislativo |
| 020 | _a978-950-894-569-3 | ||
| 264 | 1 |
_aBuenos Aires : _bAD-HOC _c2006 |
|
| 300 |
_a112 p. _c20 cm. |
||
| 505 | _a1. La nueva ley - 2. Un debate "unitario" para una ley "federal" - 3. Dos impresiones generales reflejas - 4. Una mirada al primer mundo - 5. Reforma de los arts. 14 y 16 - 6. Reforma del art. 21 - 7. Reforma del art. 56 - 8. Reforma del art. 72 - 9. Reforma del art. 132 - 10. Reforma del art. 133 - 11. Clausula transitoria - 12. Aplicación "inmediata" | ||
| 041 | _aspa | ||
| 942 | _cBK | ||
| 590 | _aniveau_biblio:m niveau_hierar:0 | ||
| 100 | 1 | _aMoro, Carlos E. | |
| 856 | 4 | 1 |
_uhttps://biblioeco.unsa.edu.ar/pmb/images/libros/L126405.jpg _yImagen de portada _qimage/jpeg |
| 999 |
_c3399 _d3399 |
||